000 00643nam a2200241Ia 4500
003 OSt
005 20220918175141.0
006 a|||||r|||| 00| 0
007 ta
008 220917b |||||||| |||| 00| 0 eng d
024 _a15,934
037 _cTextual
040 _aARTS
_cARTS
_beng
041 _2eng
_aeng
082 _aO111:g(V:17), N3
100 _aSaid Edward W.
_919444
245 0 _aCulture and imperialism
260 _aLondon
_bChatto and Windus
_c1983
300 _axxxii,444p.
_ccm.
650 _aENGLISH LITERATURE
942 _hO111:g(V:17), N3
_cTEXL
_2CC
999 _c156324
_d156324